Estatísticas para Países Baixos

Clique aqui para jogar o quiz

Estatísticas Gerais

  • Esse quiz foi jogado 25 vezes
  • A pontuação média é 7 de 14

Estatísticas das Respostas

HintResposta% Correto
Qual é a sua capital?Amesterdão
100%
Qual é a sua moeda?Euro
100%
Onde fica?Europa
90%
Qual é o meio de transporte mais utilizado pelos seus habitantes?Bicicleta
85%
Qual é o desporto mais popular?Futebol
85%
Qual é a cor que representa o país?Laranja
75%
Qual é a sua flor nacional?Tulipa
55%
De que país é independente?Espanha
45%
Qual é o seu idioma?Neerlandês
40%
Como se chamam os sapatos típicos do país?Tamancos
15%
Qual é o seu código ISO?NLD
10%
Qual é o seu prato típico?Erwtensoep
0%
O que os turistas podem visitar em Kinderdijk?Moinhos de vento
0%
Qual é o seu ponto mais alto?Vaalserberg
0%

Distribuição das Pontuações

Percentil de Números Respondidos

Porcentagem de Pessoas com Cada Pontuação

Sua Pontuação Histórica

Você não jogou esse quiz